LEADER 01141nam 2200409 450 001 9910821170103321 005 20230120123006.0 010 $a1-282-48248-3 010 $a9786612482489 010 $a1-4443-1961-2 035 $a(CKB)24989772200041 035 $a(NjHacI)9924989772200041 035 $a(MiAaPQ)EBC485635 035 $a(EXLCZ)9924989772200041 100 $a20221106d2010 uy 0 101 0 $aeng 135 $aur||||||||||| 181 $ctxt$2rdacontent 182 $cc$2rdamedia 183 $acr$2rdacarrier 200 10$aCases for PACES /$fStephen Hoole [and three others] 205 $aSecond edition. 210 1$aChichester, West Sussex :$cJohn Wiley & Sons, Incorporated,$d[2010] 210 4$dİ2010 215 $a1 online resource (xii, 204 pages) 606 $aDiagnosis$vCase studies 606 $aPhysical diagnosis 615 0$aDiagnosis 615 0$aPhysical diagnosis. 676 $a616.075 700 $aHoole$b Stephen$01630609 801 0$bNjHacI 801 1$bNjHacl 906 $aBOOK 912 $a9910821170103321 996 $aCases for PACES$93969007 997 $aUNINA